Statistics for Croatian words

Click here to take the quiz!

General Stats

  • This quiz has been taken 902 times
  • The average score is 14 of 15

Answer Stats

Croatian English % Correct
AutoCar
99%
VodaWater
97%
GradCity
95%
MačkaCat
94%
KućaHouse
94%
PasDog
94%
PrijateljFriend
93%
VrataDoor
92%
MoreSea
92%
HranaFood
91%
StolTable
90%
ZidWall
88%
SlikaPicture
87%
PodFloor
85%
KrovRoof
83%

Score Distribution

Percentile by Number Answered

Percent of People with Each Score

Your Score History

You have not taken this quiz